| 000 | 00796cab a2200229 4500 | ||
|---|---|---|---|
| 001 | WB3010-91 | ||
| 008 | 090401t1994 xxu||||| |||| 00| 0 eng d | ||
| 035 | _a(Sirsi) u84539 | ||
| 041 | _aeng | ||
| 245 | _aPrivate funds for stations | ||
| 260 | _c1994 | ||
| 350 | _a0 | ||
| 490 |
_aDaily Telegraph _v11 March 1994, 24(1) |
||
| 520 | _aPlans for private sector investment in the 13 biggest rail stations are being drawn up by the property wing of Railtrack, the company being set up to look after the rail and signalling network as part of the British Rail privatisation programme. | ||
| 650 | _aBRITISH RAIL | ||
| 650 | _aPRIVATE FINANCE | ||
| 650 | _aPRIVATE SECTOR | ||
| 650 | _aRAIL PRIVATISATION | ||
| 690 | _aTRANSPORT AND COMMUNICATIONS | ||
| 942 | _n0 | ||
| 948 | _c04/03/1997 | ||
| 999 |
_c53129 _d53129 |
||